[Event "Obert Pobla de Lillet 2017"]
[Site "La Pobla de Lillet ESP"]
[Date "2017.08.05"]
[Round "5.7"]
[White "Cervello Tost, Roger"]
[Black "Boix Moreno, Daniel"]
[Result "1-0"]
[WhiteElo "1992"]
[BlackElo "2300"]
[PlyCount "69"]
[EventDate "2017.08.01"]
[EventType "swiss"]
[EventRounds "9"]
[EventCountry "ESP"]
[SourceTitle "Ajedrez en Madrid"]
[Source "lmi"]
[SourceDate "2016.08.01"]

1. e4 c5 2. d4 cxd4 3. c3 Nf6 4. e5 Nd5 5. Nf3 d6 6. Bc4 e6 7. O-O Be7 8. cxd4
O-O 9. Qe2 b6 10. Bxd5 exd5 11. Rd1 Be6 12. Nc3 Nc6 13. Qb5 Qc7 14. Nxd5 Bxd5
15. Qxd5 dxe5 16. Nxe5 Nxe5 17. Qxe5 Bd6 18. Qh5 Qc2 19. Be3 Qxb2 20. a4 Qc2
21. d5 Qe4 22. a5 Be5 23. Ra2 Rad8 24. axb6 axb6 25. Rad2 Rd6 26. Qe2 Qf5 27.
Qd3 Qh5 28. g3 Rfd8 29. Qe4 h6 30. Kg2 R8d7 31. Rb1 Bf6 32. Rxb6 Rxd5 33. Rb8+
Bd8 34. Rxd5 Rxd5 35. Qe8+ 1-0

[Event "Obert Pobla de Lillet 2017"]
[Site "La Pobla de Lillet ESP"]
[Date "2017.08.05"]
[Round "5.8"]
[White "Ayza Ballester, Jordi"]
[Black "Garcia Galeote, Lorenzo"]
[Result "1-0"]
[WhiteElo "2204"]
[BlackElo "1985"]
[PlyCount "41"]
[EventDate "2017.08.01"]
[EventType "swiss"]
[EventRounds "9"]
[EventCountry "ESP"]
[SourceTitle "Ajedrez en Madrid"]
[Source "lmi"]
[SourceDate "2016.08.01"]

1. e4 b6 2. d4 Bb7 3. Bd3 Nf6 4. Qe2 Nc6 5. Nf3 e5 6. d5 Ne7 7. Nxe5 Ng6 8.
Nxg6 hxg6 9. O-O Bc5 10. Nd2 c6 11. dxc6 Bxc6 12. Nb3 Qc7 13. h3 Rxh3 14. e5
Rg3 15. exf6+ Kf8 16. Be4 Re8 17. Nxc5 bxc5 18. fxg3 Rxe4 19. Qf2 d6 20. fxg7+
Kg8 21. Bf4 1-0

[Event "Obert Pobla de Lillet 2017"]
[Site "La Pobla de Lillet ESP"]
[Date "2017.08.05"]
[Round "5.9"]
[White "Garcia Paolicchi, Raul"]
[Black "Prats Rodriguez, Juan Bosco"]
[Result "1/2-1/2"]
[WhiteElo "2189"]
[BlackElo "1978"]
[PlyCount "49"]
[EventDate "2017.08.01"]
[EventType "swiss"]
[EventRounds "9"]
[EventCountry "ESP"]
[SourceTitle "Ajedrez en Madrid"]
[Source "lmi"]
[SourceDate "2016.08.01"]

1. d4 d5 2. Nf3 Nf6 3. e3 c5 4. c3 cxd4 5. exd4 Nc6 6. Bf4 a6 7. Bd3 Bg4 8.
Nbd2 e6 9. Qb3 Bd6 10. Bxd6 Qxd6 11. O-O O-O 12. Rfe1 Nd7 13. Qc2 h6 14. h3
Bxf3 15. Nxf3 Rac8 16. Qe2 Na5 17. Ne5 Nxe5 18. dxe5 Qe7 19. Rad1 Rc6 20. Bb1
Rfc8 21. Rd3 Qh4 22. Rg3 Rc4 23. Qd3 g6 24. Ree3 Qh5 25. Re1 1/2-1/2

[Event "Obert Pobla de Lillet 2017"]
[Site "La Pobla de Lillet ESP"]
[Date "2017.08.05"]
[Round "5.10"]
[White "Palacios Herrero, Pablo"]
[Black "Povill Claros, Laura"]
[Result "0-1"]
[WhiteElo "2122"]
[BlackElo "1814"]
[PlyCount "88"]
[EventDate "2017.08.01"]
[EventType "swiss"]
[EventRounds "9"]
[EventCountry "ESP"]
[SourceTitle "Ajedrez en Madrid"]
[Source "lmi"]
[SourceDate "2016.08.01"]

1. e4 c5 2. Nf3 Nc6 3. d4 cxd4 4. Nxd4 g6 5. Nc3 Bg7 6. Be3 Nf6 7. Bc4 Qa5 8.
O-O O-O 9. Bb3 d6 10. h3 Bd7 11. f4 Nxd4 12. Bxd4 Bc6 13. Qd3 Nd7 14. Bxg7 Kxg7
15. Qd4+ Kg8 16. Kh1 Qc5 17. Qd2 Rac8 18. Rae1 b5 19. Nd5 Bxd5 20. exd5 Rfe8
21. Rf3 Rc7 22. f5 Ne5 23. Rxe5 dxe5 24. fxg6 hxg6 25. d6 exd6 26. Qh6 d5 27.
h4 Qd4 28. c3 Qe4 29. Re3 Qf5 30. Bxd5 Qh5 31. Qxh5 gxh5 32. Bf3 f5 33. Bxh5
Re6 34. Be2 a6 35. Bd1 Kg7 36. a4 e4 37. g3 Rd6 38. Bb3 Rd2 39. g4 Rxb2 40. Be6
f4 41. Rxe4 Rxc3 42. Re1 Re3 43. Rxe3 fxe3 44. Kg1 Rb1+ 0-1

[Event "Obert Pobla de Lillet 2017"]
[Site "La Pobla de Lillet ESP"]
[Date "2017.08.06"]
[Round "6.1"]
[White "Romero Pallares, Daniel"]
[Black "Movsziszian, Karen"]
[Result "0-1"]
[WhiteElo "2248"]
[BlackElo "2502"]
[PlyCount "108"]
[EventDate "2017.08.01"]
[EventType "swiss"]
[EventRounds "9"]
[EventCountry "ESP"]
[SourceTitle "Ajedrez en Madrid"]
[Source "lmi"]
[SourceDate "2016.08.01"]

1. d4 g6 2. e4 Bg7 3. c4 Nc6 4. Be3 d6 5. Nc3 e5 6. Nge2 Nh6 7. f3 f5 8. d5 Ne7
9. Qd2 Nf7 10. O-O-O O-O 11. h3 f4 12. Bf2 Bd7 13. Kb1 Qb8 14. Nc1 c5 15. dxc6
bxc6 16. Be2 Be6 17. Qc2 Qc7 18. Rd2 Rfd8 19. Rhd1 a5 20. Ka1 Rab8 21. Bf1 Rb4
22. a3 Rb7 23. Ka2 Rdb8 24. b3 h5 25. Be2 Bf6 26. Bf1 Kh7 27. Be2 Nc8 28. Na4
c5 29. Rd3 Na7 30. Bf1 Nc6 31. Ne2 Nd4 32. Bxd4 cxd4 33. R1d2 Nd8 34. Nc1 Bd7
35. Nb2 Ne6 36. Be2 Nc5 37. Bf1 Bh4 38. Rd1 Be6 39. Qd2 Bg3 40. Qc2 Bh2 41. Be2
Qf7 42. Ka1 Rb6 43. Kb1 Bg3 44. Bf1 Qe7 45. Ka2 Qh4 46. Qd2 Ra8 47. Qc2 Be1 48.
R3d2 Bxd2 49. Qxd2 Rab8 50. Qc2 Nxb3 51. Nxb3 Rxb3 52. Qxb3 Rxb3 53. Kxb3 Qf2
54. Nd3 Bxc4+ 0-1

[Event "Obert Pobla de Lillet 2017"]
[Site "La Pobla de Lillet ESP"]
[Date "2017.08.06"]
[Round "6.2"]
[White "Aranda Marin, Cristian"]
[Black "Muñoz Pantoja, Miguel"]
[Result "0-1"]
[WhiteElo "2263"]
[BlackElo "2497"]
[PlyCount "48"]
[EventDate "2017.08.01"]
[EventType "swiss"]
[EventRounds "9"]
[EventCountry "ESP"]
[SourceTitle "Ajedrez en Madrid"]
[Source "lmi"]
[SourceDate "2016.08.01"]

1. e4 d5 2. exd5 Qxd5 3. Nc3 Qa5 4. d4 Nf6 5. Bc4 Nc6 6. Nge2 Bg4 7. f3 Be6 8.
Bxe6 fxe6 9. O-O O-O-O 10. Qd3 e5 11. Qf5+ Kb8 12. dxe5 g6 13. Qe6 Qxe5 14.
Qxe5 Nxe5 15. b3 Nc6 16. Be3 Bg7 17. Rad1 Nb4 18. Nd4 Nh5 19. Nce2 Bf6 20. a3
Nd5 21. Bf2 Nhf4 22. Nxf4 Nxf4 23. Rfe1 c5 24. Bg3 Rxd4 0-1

[Event "Obert Pobla de Lillet 2017"]
[Site "La Pobla de Lillet ESP"]
[Date "2017.08.06"]
[Round "6.3"]
[White "Vargas Drechsler, Carlos"]
[Black "Mellado Triviño, Juan"]
[Result "0-1"]
[WhiteElo "1913"]
[BlackElo "2392"]
[PlyCount "52"]
[EventDate "2017.08.01"]
[EventType "swiss"]
[EventRounds "9"]
[EventCountry "ESP"]
[SourceTitle "Ajedrez en Madrid"]
[Source "lmi"]
[SourceDate "2016.08.01"]

1. d4 f5 2. Nf3 Nf6 3. g3 g6 4. Bg2 Bg7 5. O-O O-O 6. b3 d5 7. Bb2 c6 8. Nbd2
a5 9. a3 Ne4 10. Ne5 Be6 11. e3 a4 12. b4 Na6 13. Qe2 Nc7 14. Rac1 Ne8 15. c4
Nxd2 16. Qxd2 Bxe5 17. dxe5 dxc4 18. Qc3 Nc7 19. Rfd1 Qc8 20. Qd4 Rd8 21. Qh4
Rxd1+ 22. Rxd1 Qe8 23. Rd4 Rd8 24. Bh3 Rxd4 25. exd4 Nb5 26. g4 c3 0-1

[Event "Obert Pobla de Lillet 2017"]
[Site "La Pobla de Lillet ESP"]
[Date "2017.08.06"]
[Round "6.4"]
[White "Renteria Becerra, Jorge"]
[Black "Sanz Menendez, Juan Carlos"]
[Result "1-0"]
[WhiteElo "2332"]
[BlackElo "1989"]
[PlyCount "113"]
[EventDate "2017.08.01"]
[EventType "swiss"]
[EventRounds "9"]
[EventCountry "ESP"]
[SourceTitle "Ajedrez en Madrid"]
[Source "lmi"]
[SourceDate "2016.08.01"]

1. e4 d5 2. exd5 Nf6 3. c4 c6 4. d4 cxd5 5. Nc3 e6 6. Nf3 Be7 7. Bd3 dxc4 8.
Bxc4 O-O 9. O-O Nc6 10. a3 a6 11. Be3 b5 12. Bb3 Bb7 13. Qe2 Na5 14. Ba2 Rc8
15. Rac1 Nc4 16. Ne5 Nd6 17. Rfd1 Nd5 18. Nxd5 exd5 19. Qf3 Ne4 20. Rxc8 Qxc8
21. Rc1 Qd8 22. Nc6 Bxc6 23. Rxc6 Qd7 24. Rc1 Nf6 25. Qh3 Qxh3 26. gxh3 Ra8 27.
Bf4 Kf8 28. Rc7 Ke8 29. Kf1 Kd8 30. Rb7 Rc8 31. Bb3 Rc6 32. Ra7 Ke8 33. Kg2 Nh5
34. Be5 f6 35. Bxd5 Rc2 36. Bb8 Rxb2 37. Bc6+ Kf8 38. Rxa6 Rb3 39. Ra8 Rxa3 40.
Ba7+ Kf7 41. Be8+ Ke6 42. Bxh5 b4 43. Bf3 b3 44. d5+ Kd7 45. Bg4+ Kc7 46. Bb8+
Kb7 47. Rxa3 Bxa3 48. Bg3 b2 49. Bf5 g6 50. Bb1 Kc8 51. h4 Kd7 52. h5 f5 53.
hxg6 hxg6 54. Be5 Ke7 55. h3 Bb4 56. Bxb2 Kd6 57. Ba2 1-0

[Event "Obert Pobla de Lillet 2017"]
[Site "La Pobla de Lillet ESP"]
[Date "2017.08.06"]
[Round "6.5"]
[White "Povill Claros, Laura"]
[Black "Cervello Tost, Ferran"]
[Result "0-1"]
[WhiteElo "1814"]
[BlackElo "2310"]
[PlyCount "104"]
[EventDate "2017.08.01"]
[EventType "swiss"]
[EventRounds "9"]
[EventCountry "ESP"]
[SourceTitle "Ajedrez en Madrid"]
[Source "lmi"]
[SourceDate "2016.08.01"]

1. e4 c6 2. d4 d5 3. exd5 cxd5 4. Bd3 Nf6 5. Bf4 g6 6. c3 Bg7 7. h3 O-O 8. Nf3
Nc6 9. O-O a5 10. Nbd2 Bf5 11. Bxf5 gxf5 12. Ne5 e6 13. Re1 Ne7 14. Qe2 Ng6 15.
Nxg6 hxg6 16. Be5 Ne4 17. Bxg7 Kxg7 18. Nxe4 fxe4 19. Qg4 Rh8 20. Qf4 Qb8 21.
Qd2 b5 22. Re3 Rh5 23. Qc2 a4 24. Rc1 Rh8 25. b3 Rc8 26. Qe2 Qb6 27. Rg3 Rh8
28. Qd2 axb3 29. axb3 Rac8 30. Qe3 Qd6 31. Qe2 b4 32. c4 dxc4 33. Rxc4 Rxc4 34.
Qxc4 Rd8 35. Re3 f5 36. Re1 Rd7 37. Rc1 Kh7 38. g3 e3 39. Re1 Rc7 40. Qf1 Rc3
41. Rxe3 Rxe3 42. fxe3 Qxg3+ 43. Qg2 Qxe3+ 44. Kh1 Qxb3 45. Kh2 f4 46. Qb7+ Kh6
47. Qe7 Qg3+ 48. Kh1 Qxh3+ 49. Kg1 Qa3 50. Kf1 f3 51. Qf8+ Kh5 52. Qh8+ Kg4 0-1

[Event "Obert Pobla de Lillet 2017"]
[Site "La Pobla de Lillet ESP"]
[Date "2017.08.06"]
[Round "6.6"]
[White "De la Riva Aguado, Jorge"]
[Black "Cervello Tost, Roger"]
[Result "1/2-1/2"]
[WhiteElo "2206"]
[BlackElo "1992"]
[PlyCount "43"]
[EventDate "2017.08.01"]
[EventType "swiss"]
[EventRounds "9"]
[EventCountry "ESP"]
[SourceTitle "Ajedrez en Madrid"]
[Source "lmi"]
[SourceDate "2016.08.01"]

1. d4 d5 2. Nf3 Nf6 3. e3 e6 4. Bd3 Bd6 5. b3 b6 6. Bb2 Bb7 7. O-O Nbd7 8. Ne5
O-O 9. Nd2 c5 10. f4 Ne4 11. Nxe4 dxe4 12. Bc4 Nf6 13. Qe1 Nd5 14. Qg3 f6 15.
Ng4 Qe7 16. Rad1 f5 17. dxc5 Bxc5 18. Bxd5 exd5 19. Ne5 Rac8 20. Rf2 Rfd8 21.
h4 Bb4 22. Bd4 1/2-1/2

[Event "Obert Pobla de Lillet 2017"]
[Site "La Pobla de Lillet ESP"]
[Date "2017.08.06"]
[Round "6.7"]
[White "Dan, Teodor"]
[Black "Ayza Ballester, Jordi"]
[Result "1-0"]
[WhiteElo "2191"]
[BlackElo "2204"]
[PlyCount "97"]
[EventDate "2017.08.01"]
[EventType "swiss"]
[EventRounds "9"]
[EventCountry "ESP"]
[SourceTitle "Ajedrez en Madrid"]
[Source "lmi"]
[SourceDate "2016.08.01"]

1. d4 Nf6 2. c4 g6 3. Nc3 d5 4. cxd5 Nxd5 5. e4 Nxc3 6. bxc3 Bg7 7. Nf3 O-O 8.
Be2 b6 9. O-O Bb7 10. Qc2 c5 11. d5 Qd7 12. Rb1 Na6 13. Bf4 Nc7 14. Rfd1 Rac8
15. h3 e6 16. d6 Ne8 17. e5 Bc6 18. Ba6 Rb8 19. c4 f6 20. exf6 Bxf6 21. Ne5
Bxe5 22. Bxe5 Nf6 23. Re1 Qf7 24. Bb5 Bxb5 25. Rxb5 Nd7 26. Bg3 Qf6 27. Rb3
Rbd8 28. Rbe3 e5 29. Qd3 Rfe8 30. f4 e4 31. Qd5+ Qf7 32. Rxe4 Rxe4 33. Qxf7+
Kxf7 34. Rxe4 Nf6 35. Re7+ Kf8 36. Re6 Nh5 37. Bh4 Rd7 38. g4 Ng7 39. Be7+ Kg8
40. Rf6 h6 41. Rxg6 Kh7 42. f5 b5 43. Bf8 Ne8 44. Re6 Ng7 45. Bxg7 Kxg7 46.
Re7+ Rxe7 47. dxe7 Kf7 48. cxb5 Kxe7 49. Kf2 1-0

[Event "Obert Pobla de Lillet 2017"]
[Site "La Pobla de Lillet ESP"]
[Date "2017.08.06"]
[Round "6.8"]
[White "Capellades Subirana, Marc"]
[Black "Perez Garcia, Adria"]
[Result "1/2-1/2"]
[WhiteElo "2227"]
[BlackElo "2035"]
[PlyCount "96"]
[EventDate "2017.08.01"]
[EventType "swiss"]
[EventRounds "9"]
[EventCountry "ESP"]
[SourceTitle "Ajedrez en Madrid"]
[Source "lmi"]
[SourceDate "2016.08.01"]

1. e4 c6 2. d4 d5 3. Nc3 dxe4 4. Nxe4 Bf5 5. Ng3 Bg6 6. Nf3 Nd7 7. Bc4 e6 8.
O-O Ngf6 9. Qe2 Bd6 10. Ne5 Qc7 11. Re1 O-O 12. h4 Nd5 13. h5 Bf5 14. Nxf5 exf5
15. Bxd5 cxd5 16. Nxd7 Qxd7 17. Qf3 Rfe8 18. Bf4 Bxf4 19. Qxf4 Re4 20. Rxe4
fxe4 21. Re1 h6 22. Re3 Rc8 23. Rg3 Kh7 24. c3 Re8 25. b3 a6 26. c4 Re7 27. c5
Qe6 28. b4 Qd7 29. a3 Kh8 30. Rh3 Kg8 31. Re3 Re8 32. Rg3 Kh8 33. Re3 Kg8 34.
Kh2 f6 35. Kg3 Qe6 36. Kh2 Qd7 37. Rg3 Kh8 38. Kg1 Rd8 39. Rg6 Re8 40. Rg3 Rd8
41. Rh3 Re8 42. Qe3 Qg4 43. Kh2 Qd1 44. Qc3 Qe2 45. Qe3 Qd1 46. Qc3 Qe2 47. Qg3
Qd2 48. Qe3 Qd1 1/2-1/2

[Event "Obert Pobla de Lillet 2017"]
[Site "La Pobla de Lillet ESP"]
[Date "2017.08.06"]
[Round "6.9"]
[White "Corrigüelas Armillas, Frederic"]
[Black "Garcia Paolicchi, Raul"]
[Result "1/2-1/2"]
[WhiteElo "1965"]
[BlackElo "2189"]
[PlyCount "75"]
[EventDate "2017.08.01"]
[EventType "swiss"]
[EventRounds "9"]
[EventCountry "ESP"]
[SourceTitle "Ajedrez en Madrid"]
[Source "lmi"]
[SourceDate "2016.08.01"]

1. e4 c6 2. d4 d5 3. e5 c5 4. dxc5 e6 5. Be3 Nh6 6. c3 Nf5 7. Bd4 Bd7 8. Nf3
Nc6 9. Bd3 Nfxd4 10. cxd4 b6 11. cxb6 Qxb6 12. O-O Nxd4 13. Nbd2 Be7 14. b3 Nc6
15. a3 a5 16. Re1 h6 17. h4 O-O 18. h5 f6 19. exf6 Bxf6 20. Ra2 e5 21. Bb1 Bg4
22. Qc2 Bxf3 23. Qh7+ Kf7 24. Qg6+ Ke7 25. Nxf3 Kd6 26. Rd2 Rad8 27. Be4 Ne7
28. Qg3 Ke6 29. Qg4+ Kf7 30. Bg6+ Nxg6 31. Qxg6+ Kg8 32. Nxe5 Qxb3 33. Ng4 Bg5
34. Rde2 Qxa3 35. Qe6+ Kh7 36. Qg6+ Kg8 37. Qe6+ Kh7 38. Qg6+ 1/2-1/2

[Event "Obert Pobla de Lillet 2017"]
[Site "La Pobla de Lillet ESP"]
[Date "2017.08.06"]
[Round "6.10"]
[White "Torrents Señal, Marc"]
[Black "Simon Padros, Emili"]
[Result "1/2-1/2"]
[WhiteElo "2028"]
[BlackElo "2150"]
[PlyCount "21"]
[EventDate "2017.08.01"]
[EventType "swiss"]
[EventRounds "9"]
[EventCountry "ESP"]
[SourceTitle "Ajedrez en Madrid"]
[Source "lmi"]
[SourceDate "2016.08.01"]

1. d4 g6 2. Nf3 Bg7 3. g3 Nf6 4. Bg2 O-O 5. O-O d6 6. c4 Nbd7 7. Nc3 e5 8. e3
Re8 9. b3 c6 10. Qc2 Qc7 11. a4 1/2-1/2

[Event "Obert Pobla de Lillet 2017"]
[Site "La Pobla de Lillet ESP"]
[Date "2017.08.06"]
[Round "6.13"]
[White "Garcia Galeote, Lorenzo"]
[Black "Palacios Herrero, Pablo"]
[Result "0-1"]
[WhiteElo "1985"]
[BlackElo "2122"]
[PlyCount "64"]
[EventDate "2017.08.01"]
[EventType "swiss"]
[EventRounds "9"]
[EventCountry "ESP"]
[SourceTitle "Ajedrez en Madrid"]
[Source "lmi"]
[SourceDate "2016.08.01"]

1. d4 Nf6 2. c4 g6 3. Nc3 Bg7 4. e4 d6 5. Nge2 O-O 6. g3 e5 7. d5 Nh5 8. Bg2
Na6 9. O-O f5 10. f4 exf4 11. Nxf4 Nxf4 12. Bxf4 Nc5 13. Qd2 fxe4 14. Nxe4 Nxe4
15. Bxe4 Qf6 16. Rab1 Bh3 17. Bg2 Qd4+ 18. Qxd4 Bxd4+ 19. Kh1 Bf5 20. Rbd1 Bxb2
21. g4 Bxg4 22. Rb1 Bd4 23. Bh6 Rxf1+ 24. Rxf1 Re8 25. Bf3 Re1 26. Bg2 Rxf1+
27. Bxf1 Bf3+ 28. Bg2 Be2 29. Bh3 Kf7 30. Be6+ Kf6 31. h4 Bxc4 32. a3 c6 0-1

[Event "Obert Pobla de Lillet 2017"]
[Site "La Pobla de Lillet ESP"]
[Date "2017.08.07"]
[Round "7.1"]
[White "Movsziszian, Karen"]
[Black "Renteria Becerra, Jorge"]
[Result "1-0"]
[WhiteElo "2502"]
[BlackElo "2332"]
[PlyCount "105"]
[EventDate "2017.08.01"]
[EventType "swiss"]
[EventRounds "9"]
[EventCountry "ESP"]
[SourceTitle "Ajedrez en Madrid"]
[Source "lmi"]
[SourceDate "2016.08.01"]

1. g3 c5 2. Bg2 Nc6 3. c4 g6 4. Nc3 Bg7 5. a3 a5 6. d3 d6 7. e3 e6 8. Nge2 Nge7
9. O-O O-O 10. Qc2 Rb8 11. Nb5 Nf5 12. Bd2 Bd7 13. Bc3 Ne5 14. a4 Bxb5 15. axb5
b6 16. Rfd1 Ng4 17. h3 Ngxe3 18. fxe3 Nxe3 19. Qd2 Nxd1 20. Bxg7 Kxg7 21. Rxd1
e5 22. Nc3 f5 23. Rf1 h6 24. Qe3 Qg5 25. Qf3 h5 26. Kh2 Qd8 27. Nd5 Qg5 28. Ne3
Qe7 29. Re1 Qg5 30. Re2 Qd8 31. Qd5 Qf6 32. Bf3 Qd8 33. Rg2 Qf6 34. Qc6 Qd8 35.
Nd5 Rf7 36. Kg1 Kh6 37. Kf2 Kg7 38. Ke1 e4 39. Be2 exd3 40. Bxd3 Rc8 41. Qxb6
Qg5 42. Kd1 f4 43. Qxd6 Rd8 44. gxf4 Qxg2 45. Qxd8 Qxb2 46. Qg5 a4 47. Qxg6+
Kf8 48. Qd6+ Kg8 49. Qd8+ Kg7 50. Qg5+ Kf8 51. Qe5 Qb3+ 52. Ke2 Rg7 53. Qf6+
1-0

[Event "Obert Pobla de Lillet 2017"]
[Site "La Pobla de Lillet ESP"]
[Date "2017.08.07"]
[Round "7.2"]
[White "Muñoz Pantoja, Miguel"]
[Black "Dan, Teodor"]
[Result "1-0"]
[WhiteElo "2497"]
[BlackElo "2191"]
[PlyCount "63"]
[EventDate "2017.08.01"]
[EventType "swiss"]
[EventRounds "9"]
[EventCountry "ESP"]
[SourceTitle "Ajedrez en Madrid"]
[Source "lmi"]
[SourceDate "2016.08.01"]

1. e4 g6 2. g3 Bg7 3. Bg2 d6 4. Ne2 Nf6 5. d4 O-O 6. O-O e5 7. h3 Nc6 8. Be3
exd4 9. Nxd4 Bd7 10. Nc3 Re8 11. g4 Nxd4 12. Bxd4 c5 13. Be3 Bc6 14. Qd3 h5 15.
g5 c4 16. Qxc4 Nxe4 17. Nxe4 d5 18. Qb4 dxe4 19. Rad1 Qe7 20. Qxe7 Rxe7 21. c3
a5 22. h4 f6 23. Rd6 Rb8 24. Rfd1 Rf7 25. Re6 Bd7 26. Rxe4 f5 27. Rc4 Be6 28.
Bd5 Bxd5 29. Rxd5 f4 30. Bd2 Re7 31. Bxf4 Re2 32. Rb5 1-0

[Event "Obert Pobla de Lillet 2017"]
[Site "La Pobla de Lillet ESP"]
[Date "2017.08.07"]
[Round "7.3"]
[White "Mellado Triviño, Juan"]
[Black "Cervello Tost, Ferran"]
[Result "1/2-1/2"]
[WhiteElo "2392"]
[BlackElo "2310"]
[PlyCount "47"]
[EventDate "2017.08.01"]
[EventType "swiss"]
[EventRounds "9"]
[EventCountry "ESP"]
[SourceTitle "Ajedrez en Madrid"]
[Source "lmi"]
[SourceDate "2016.08.01"]

1. c4 c6 2. d4 d5 3. cxd5 cxd5 4. Nc3 Nf6 5. Nf3 e6 6. Bg5 Be7 7. e3 O-O 8. Bd3
b6 9. Ne5 Bb7 10. O-O Nbd7 11. f4 Ne4 12. Bxe7 Qxe7 13. Rc1 Rac8 14. Bxe4 dxe4
15. Qa4 Nxe5 16. fxe5 a6 17. Ne2 b5 18. Qa5 h6 19. a3 Qd7 20. h3 Rxc1 21. Rxc1
Rc8 22. Rxc8+ Qxc8 23. Qc3 Qd8 24. Nf4 1/2-1/2

[Event "Obert Pobla de Lillet 2017"]
[Site "La Pobla de Lillet ESP"]
[Date "2017.08.07"]
[Round "7.5"]
[White "Romero Pallares, Daniel"]
[Black "Cervello Tost, Roger"]
[Result "0-1"]
[WhiteElo "2248"]
[BlackElo "1992"]
[PlyCount "84"]
[EventDate "2017.08.01"]
[EventType "swiss"]
[EventRounds "9"]
[EventCountry "ESP"]
[SourceTitle "Ajedrez en Madrid"]
[Source "lmi"]
[SourceDate "2016.08.01"]

1. e4 g6 2. d4 Bg7 3. Nf3 d6 4. c3 Nf6 5. Bd3 O-O 6. h3 Nc6 7. Bf4 Re8 8. O-O
e5 9. dxe5 dxe5 10. Bh2 Nh5 11. Na3 Qf6 12. Re1 Bh6 13. Nc2 Be6 14. Qe2 Rad8
15. Bc4 Rd7 16. Bxe6 fxe6 17. Ne3 Bf4 18. Ng4 Qg7 19. Rad1 Rf7 20. Qb5 Bxh2+
21. Ngxh2 g5 22. Qxb7 Nb8 23. Qb5 Nd7 24. Ng4 Ref8 25. Nxg5 a6 26. Nxf7 Rxf7
27. Qc6 Nf8 28. Rd8 Nf4 29. f3 h5 30. Ne3 Qg3 31. Rxf8+ Kxf8 32. Qc5+ Kg8 33.
Rf1 Nxh3+ 34. Kh1 Rg7 35. Qc6 Nf4 36. Qe8+ Kh7 37. Rd1 Qh4+ 38. Kg1 Nh3+ 39.
Kh1 Nf2+ 40. Kg1 Nxd1 41. Nxd1 Qe1+ 42. Kh2 Qg3+ 0-1

[Event "Obert Pobla de Lillet 2017"]
[Site "La Pobla de Lillet ESP"]
[Date "2017.08.07"]
[Round "7.6"]
[White "Boix Moreno, Daniel"]
[Black "Prats Rodriguez, Juan Bosco"]
[Result "1/2-1/2"]
[WhiteElo "2300"]
[BlackElo "1978"]
[PlyCount "116"]
[EventDate "2017.08.01"]
[EventType "swiss"]
[EventRounds "9"]
[EventCountry "ESP"]
[SourceTitle "Ajedrez en Madrid"]
[Source "lmi"]
[SourceDate "2016.08.01"]

1. e4 d6 2. d4 Nf6 3. Nc3 g6 4. Be3 a6 5. h3 Bg7 6. f4 O-O 7. Nf3 e6 8. Bd3 Nc6
9. O-O Ne7 10. Qe2 b5 11. Bf2 Bb7 12. Bh4 c5 13. dxc5 dxc5 14. e5 Nfd5 15. Nxd5
exd5 16. f5 c4 17. f6 cxd3 18. cxd3 Qb6+ 19. Bf2 d4 20. fxg7 Kxg7 21. Nxd4 Qd8
22. Nf3 Nf5 23. g4 Ne7 24. Bc5 h6 25. Qf2 Kh7 26. Qh4 Bxf3 27. Bxe7 Qxd3 28.
Bxf8 Rxf8 29. Qg3 Qd4+ 30. Qf2 Qxf2+ 31. Rxf2 Bd5 32. a3 Re8 33. Re1 Rc8 34.
Rd2 Be6 35. Kf2 a5 36. Kg3 b4 37. Re3 Rc5 38. axb4 axb4 39. Rd4 b3 40. Rdd3 Kg7
41. Rc3 Ra5 42. Rc6 Rb5 43. Kf2 Rd5 44. Rxe6 fxe6 45. Rxb3 Rxe5 46. Re3 Rb5 47.
b3 Kf6 48. Ke2 e5 49. Kd2 Kg5 50. Rc3 h5 51. gxh5 gxh5 52. Ke3 Kf5 53. Kf3 Rb4
54. Ke2 Kg5 55. Rg3+ Kf4 56. Rf3+ Ke4 57. Re3+ Kf4 58. Rf3+ Ke4 1/2-1/2

[Event "Obert Pobla de Lillet 2017"]
[Site "La Pobla de Lillet ESP"]
[Date "2017.08.07"]
[Round "7.7"]
[White "Simon Del Sol, Jaume"]
[Black "Capellades Subirana, Marc"]
[Result "1/2-1/2"]
[WhiteElo "1947"]
[BlackElo "2227"]
[PlyCount "61"]
[EventDate "2017.08.01"]
[EventType "swiss"]
[EventRounds "9"]
[EventCountry "ESP"]
[SourceTitle "Ajedrez en Madrid"]
[Source "lmi"]
[SourceDate "2016.08.01"]

1. d4 Nf6 2. Nf3 c5 3. e3 e6 4. Bd3 Nc6 5. O-O d5 6. c4 cxd4 7. exd4 Bd6 8. Nc3
dxc4 9. Bxc4 O-O 10. Qe2 h6 11. Rd1 Nd5 12. h3 Bc7 13. a3 a6 14. Ba2 b5 15. Rd3
Nce7 16. Bd2 Nxc3 17. Rxc3 Bb7 18. Rac1 Rc8 19. Ne5 Nf5 20. Be3 Qd6 21. Qg4 Bb8
22. Rxc8 Rxc8 23. Rxc8+ Bxc8 24. g3 Bb7 25. Nxf7 Qc6 26. d5 Nxe3 27. Nxh6+ Kh8
28. Nf7+ Kg8 29. Nh6+ Kh8 30. Nf7+ Kg8 31. Nh6+ 1/2-1/2

[Event "Obert Pobla de Lillet 2017"]
[Site "La Pobla de Lillet ESP"]
[Date "2017.08.07"]
[Round "7.8"]
[White "Ayza Ballester, Jordi"]
[Black "Torrents Señal, Marc"]
[Result "1/2-1/2"]
[WhiteElo "2204"]
[BlackElo "2028"]
[PlyCount "110"]
[EventDate "2017.08.01"]
[EventType "swiss"]
[EventRounds "9"]
[EventCountry "ESP"]
[SourceTitle "Ajedrez en Madrid"]
[Source "lmi"]
[SourceDate "2016.08.01"]

1. e4 d5 2. Nc3 c6 3. d4 dxe4 4. Nxe4 Bf5 5. Ng3 Bg6 6. Nf3 Nd7 7. Bc4 e6 8.
O-O Be7 9. Qe2 Ngf6 10. Re1 Nd5 11. Bb3 O-O 12. c4 N5f6 13. Bf4 Re8 14. Rad1
Bb4 15. Rf1 Qb6 16. Ne5 Nf8 17. h4 h6 18. h5 Bh7 19. c5 Qd8 20. Nc4 Nd5 21. Bc1
Ba5 22. Nd6 Re7 23. Qg4 f5 24. Qf3 Bc7 25. Bxd5 cxd5 26. Nxb7 Qb8 27. c6 Qe8
28. Qa3 Rc8 29. Nd6 Bxd6 30. Qxd6 Rxc6 31. Qa3 Rb7 32. Rfe1 Nd7 33. Qf3 Qf7 34.
Ne2 Nf6 35. Nf4 Rbc7 36. Be3 Kf8 37. Rc1 Ke8 38. Rxc6 Rxc6 39. Qe2 Bg8 40. Qb5
Qd7 41. Bd2 Rb6 42. Qc5 Qc6 43. Qc3 Ra6 44. Qg3 Qb7 45. Qg6+ Kf8 46. Nd3 Bf7
47. Qg3 Ne4 48. Rxe4 dxe4 49. Nc5 Qxb2 50. Nxa6 Qxd2 51. Qb8+ Be8 52. Qd6+ Kf7
53. Nc7 Qd1+ 54. Kh2 Qxh5+ 55. Kg1 Qd1+ 1/2-1/2

[Event "Obert Pobla de Lillet 2017"]
[Site "La Pobla de Lillet ESP"]
[Date "2017.08.07"]
[Round "7.9"]
[White "Garcia Paolicchi, Raul"]
[Black "Vargas Drechsler, Carlos"]
[Result "1-0"]
[WhiteElo "2189"]
[BlackElo "1913"]
[PlyCount "53"]
[EventDate "2017.08.01"]
[EventType "swiss"]
[EventRounds "9"]
[EventCountry "ESP"]
[SourceTitle "Ajedrez en Madrid"]
[Source "lmi"]
[SourceDate "2016.08.01"]

1. d4 d5 2. c4 e6 3. Nf3 c6 4. e3 Nf6 5. b3 Nbd7 6. Bb2 Be7 7. Bd3 b6 8. O-O
Bb7 9. Nc3 O-O 10. Qc2 Rc8 11. Ne5 Re8 12. Rac1 c5 13. cxd5 exd5 14. Nxd7 Qxd7
15. Bf5 Qd6 16. Bxc8 Rxc8 17. Qf5 Rc6 18. Rfd1 Qb8 19. dxc5 bxc5 20. Nxd5 Nxd5
21. Rxd5 Rg6 22. Rcd1 Bxd5 23. Rxd5 h5 24. Qd3 h4 25. h3 Bd6 26. Be5 c4 27.
bxc4 1-0